Plankton and productivity in the oceans

Αποθηκεύτηκε σε:
Λεπτομέρειες βιβλιογραφικής εγγραφής
Κύριος συγγραφέας: Raymont, John E. G.
Μορφή: Βιβλίο
Γλώσσα:English
Δημοσίευση: Oxford : Pergamon Press, 1980-1983
Έκδοση:2nd ed.
Σειρά:Pergamon international library of science, technology, engineering, and social studies
Θέματα:
Ετικέτες: Προσθήκη ετικέτας
Δεν υπάρχουν, Καταχωρήστε ετικέτα πρώτοι!

MARC

LEADER 00000cam a2200000 i 4500
001 1/64784
008 970128m19801983 eng d
020 |a 0-08-021552-1 
020 |a 0-08-024404-1 
035 |l 10001444 
040 |a GR-MY-UA  |b gre  |e aacr 
041 0 |a eng 
082 0 |a 578.776 
100 1 |a Raymont, John E. G. 
245 1 0 |a Plankton and productivity in the oceans /  |c John E. G. Raymont 
250 |a 2nd ed. 
260 |a Oxford :   |b Pergamon Press,   |c 1980-1983 
300 |a 2 τ.;  |b εικ.;  |c 26 εκ. 
490 1 |a Pergamon international library of science, technology, engineering, and social studies 
504 |a Περιέχει βιβλιογραφικές παραπομπές (σ. 456-475) και ευρετήριο 
505 0 |a Τ.1. Phytoplanktonτ.2. Zooplankton 
650 0 0 |a Marine plankton. 
650 0 0 |a Marine productivity. 
852 |a INST  |b LESVOS  |e 19970128  |h 578.776 RAY  |p 005100003442  |q 005100003442  |t BK  |y 0  |z τ.2 
852 |a INST  |b LESVOS  |e 19970128  |h 578.776 RAY  |p 005100005633  |q 005100005633  |t BK  |y 0  |z τ.1 
852 |a INST  |b LESVOS  |e 19970128  |h 578.776 RAY  |p 005100003442  |q 005100003442  |t BK  |v τ.2:  |y 0  |z τ.2 
852 |a INST  |b LESVOS  |e 19970128  |h 578.776 RAY  |p 005100005633  |q 005100005633  |t BK  |v τ.1:  |y 0  |z τ.1 
853 |a INST  |b LESVOS  |h 578.776 RAY 
909 |a Λ  |b 012274 
909 |a Λ  |b 012275